书目信息 |
| 题名: |
中国环境艺术设计·集论
|
|
| 作者: | 鲍诗度 主编 | |
| 分册: | ||
| 出版信息: | 北京 中国建筑工业出版社 2007.11 |
|
| 页数: | 247页 | |
| 开本: | 28cm | |
| 丛书名: | ||
| 单 册: | ||
| 中图分类: | TU-856 | |
| 科图分类: | ||
| 主题词: | 环境设计--huan jing she ji--国际学术会议--文集 | |
| 电子资源: | ||
| ISBN: | 978-7-112-09715-9 | |
| 000 | 01185nam0 2200253 450 | |
| 001 | 012008621847 | |
| 005 | 20080419110133.29 | |
| 010 | @a978-7-112-09715-9@dCNY48.00 | |
| 100 | @a20080419d2007 em y0chiy0120 ea | |
| 101 | 0 | @achi |
| 102 | @aCN@b110000 | |
| 105 | @aa z 000yy | |
| 106 | @ar | |
| 200 | 1 | @a中国环境艺术设计·集论@Azhong guo huan jing yi shu she ji·ji lun@d= Analects of China environment art design@e中国环境艺术设计国际学术研讨会论文集@f鲍诗度主编@Fbao shi du zhu bian |
| 210 | @a北京@c中国建筑工业出版社@d2007.11 | |
| 215 | @a247页@c图@d28cm | |
| 330 | @a本书为“中国环境艺术设计国际学术研讨会”的优秀论文集。 20年来,环境艺术设计对中国的室内设计、景观设计、展示设计、环境设施设计等发展起到了主要的推动作用;建筑设计、规划设计等有了环境艺术设计专业的参与更显风采,更呈完善。 | |
| 510 | 1 | @aAnalects of China environment art design@zeng |
| 517 | 1 | @a中国环境艺术设计国际学术研讨会论文集@Azhong guo huan jing yi shu she ji guo ji xue shu yan tao hui lun wen ji |
| 606 | 0 | @a环境设计@Ahuan jing she ji@x国际学术会议@j文集 |
| 690 | @aTU-856@v4 | |
| 701 | 0 | @a鲍诗度@Abao shi du@4主编 |
| 801 | 0 | @aCN@bQSSK@c20080419 |
| 905 | @b293854-56@dTU-856@eB304@f3 | |
| 中国环境艺术设计·集论= Analects of China environment art design:中国环境艺术设计国际学术研讨会论文集/鲍诗度主编.-北京:中国建筑工业出版社,2007.11 |
| 247页:图;28cm |
| ISBN 978-7-112-09715-9:CNY48.00 |
| 本书为“中国环境艺术设计国际学术研讨会”的优秀论文集。 20年来,环境艺术设计对中国的室内设计、景观设计、展示设计、环境设施设计等发展起到了主要的推动作用;建筑设计、规划设计等有了环境艺术设计专业的参与更显风采,更呈完善。 |
| ● |
| 相关链接 |
|
|
|
正题名:中国环境艺术设计·集论
索取号:TU-856/B304
 
预约/预借
| 序号 | 登录号 | 条形码 | 馆藏地/架位号 | 状态 | 备注 |
| 1 | 293854 | 202938544 | 建筑库101/101建筑库 16排4列3层/ [索取号:TU-856/B304] | 在馆 | |
| 2 | 293855 | 202938553 | 建筑库101/101建筑库 16排4列3层/ [索取号:TU-856/B304] | 在馆 | |
| 3 | 293856 | 202938562 | 建筑库101/101建筑库 16排4列3层/ [索取号:TU-856/B304] | 在馆 |